| 000 | 02910cam a2200541 a 4500 | ||
|---|---|---|---|
| 001 | 99038 | ||
| 005 | 20230410115425.0 | ||
| 008 | 930202s1993 txu s 100 0 eng d | ||
| 010 | _a 93077210 | ||
| 035 | _a(OCoLC)ocm29559111 | ||
| 040 |
_aDBI _cDLC _dUIU _dOCL _dEL$ _dBTCTA _dYDXCP _dNLC _dCRU |
||
| 016 | _a20080164935 | ||
| 020 | _a0899403182 | ||
| 020 | _a9780899403182 | ||
| 035 | _a(OCoLC)29559111 | ||
| 041 | 0 |
_aeng _bspa |
|
| 042 | _alccopycat | ||
| 043 |
_an------ _an-cn--- |
||
| 050 | 1 | 4 |
_aHD 5722 _bS446 1993 |
| 082 | 0 | 0 | _a331.0973 |
| 245 | 0 | 0 |
_aSectoral labor effects of North American free trade = _bTLC, los impactos laborales en sectores clave de las economías / _cedited by Rafael Fernández de Castro, Mónica Verea Campos, and Sidney Weintraub. |
| 260 |
_aAustin, TX : _bU.S.-Mexico Policy Studies Program, The University of Texas at Austin ; _aCoyoacán, México : _bEl Centro de Investigaciones Sobre Estados Unidos de América, Universidad Nacional Autónomo de México ; _aSan Angel, México : _bInstituto Tecnológico Autonomo de México, _c1993. |
||
| 300 |
_axxxiii, 368 p. ; _c23 cm. |
||
| 504 | _aIncludes bibliographical references. | ||
| 500 | _aIntroductions in English and Spanish, some articles in English, some in Spanish. | ||
| 650 | 0 |
_aLabor supply _zNorth America _xForecasting _vCongresses. |
|
| 650 | 0 |
_aLabor supply _zNorth America _xRegional disparities _vCongresses. |
|
| 650 | 0 |
_aWages _zNorth America _xForecasting _vCongresses. |
|
| 650 | 0 |
_aFree trade _zNorth America _vCongresses. |
|
| 610 | 1 | 0 |
_aCanada. _tTreaties, etc, _d1992 Oct. 7 _vCongresses. |
| 650 | 4 |
_aTrabajo _xOferta _zAmérica del Norte _xDesigualdades regionales |
|
| 650 | 4 |
_aSueldos y salarios _zAmérica del Norte _xPronósticos |
|
| 650 | 4 |
_aLibre cambio y protección _zAmérica del Norte |
|
| 700 | 1 | _aFernández de Castro, Rafael. | |
| 700 | 1 | _aVerea, Mónica. | |
| 700 | 1 |
_aWeintraub, Sidney, _d1922- |
|
| 710 | 2 |
_aUniversity of Texas at Austin. _bU.S.-Mexican Policy Studies Program. |
|
| 710 | 2 |
_aUniversidad Nacional Autónoma de México. _bCentro de Investigaciones sobre Estados Unidos de América. |
|
| 710 | 2 | _aInstituto Tecnológico Autónomo de México. | |
| 740 | 0 | 1 | _aTLC, los impactos laborales en sectores clave de las economías. |
| 740 | 0 | 1 | _aImpactos laborales en sectores clave de las economías. |
| 776 | 0 | 8 |
_iOnline version: _tSectoral labor effects of North American free trade. _dAustin, TX : U.S.-Mexico Policy Studies Program, The University of Texas at Austin ; Coyoacâan, México : El Centro de Investigaciones Sobre Estados Unidos de América, Universidad Nacional Autónomo de México ; San Angel, México : Instituto Tecnológico Autonomo de México, 1993 _w(OCoLC)646859199 |
| 938 |
_aBaker and Taylor _bBTCP _n93077210 //r96 |
||
| 938 |
_aYBP Library Services _bYANK _n1036321 |
||
| 942 |
_2lcc _cbk |
||
| 994 |
_aC0 _bDRFGD |
||
| 946 | _aNBM | ||
| 999 |
_c40872 _d40872 |
||